000
00321nam a22001337a 4500
008
181023b xxu||||| |||| 00| 0 eng d
020
_a
9781439086063
041
_a
eng
080
_2
5th
_a
371
100
_a
46
101
_a
EDU
245
_a
Foundations a Reader for new College Students
_c
Gordon,V.N
942
_2
udc
_c
BK
999
_c
50565
_d
50565